00742nam a2200253 a 4500001001300000003000900013005001700022008004100039020000900080082001700089100001700106245005700123260003700180300000800217500003500225505002800260650002200288650001300310700001700323902000800340942000700348952011600355999001700471nice12345678IN_TiNIC20260116013714.0050524s1990 newa grp 000 0 eng  ac4500a305.694bNAR aNaran, Harsh aMyths of Composite Culture and Equality of Religions aNew DelhibVoice of India c1990 a76p aincludes index and biblioraphy2 aforword by mahmud ayoub aCommunalism-Hindu aHindutva1 aNaran, Harsh bSRS cBK 001040708StackRoom-aHMIbHMId2007-03-28g45.00l0o305.694 NARp017798r2007-03-28v45.00w2005-05-24yBK c12066d12066